000 00662cam a2200265 4500
008 090401t1998 xxu||||| |||| 00| 0 eng d
020 _a1859413196
035 _a(Sirsi) u81471
041 _aeng
050 _a630.026
100 _aHawke, Neil
245 _aAgri-environmental law and practice.
260 _aLondon
_bCavendish Publishing Ltd.
_c1998
300 _axxxix,315p. ; 24cm.
350 _a65
650 _aAGRI-ENVIRONMENT SCHEMES
650 _aAGRICULTURAL LAW
650 _aCONSERVATION
650 _aENVIRONMENTAL LAW
650 _aPOLLUTION
690 _aLAW
700 _aKovaleva, Nadia
942 _n0
948 _c16/10/1997
999 _c96717
_d96717